Monarchs of Belgium - Statistics

General Stats
  • This quiz has been taken 19 times
  • The average score is 6 of 7
Answer Stats
Hint Answer % Correct
1831-1865 Leopold I
100%
1865-1909 Leopold II
100%
1934-1951 Leopold III
100%
2013-present Philippe
93%
1909-1934 Albert I
73%
1993-2013 Albert II
73%
1951-1993 Baudouin
53%
No matching quizzes found
Score Distribution
Percent of People with Each Score
Percentile by Number Answered
Your Score History
You have not taken this quiz